LEADER 00853nam0-22003011i-450- 001 990003180840403321 010 $a88-15-03209-6 035 $a000318084 035 $aFED01000318084 035 $a(Aleph)000318084FED01 035 $a000318084 100 $a20000920d1991----km-y0itay50------ba 101 0 $aita 102 $aIT 200 1 $aReputazione ed efficienza$eCrescita e concentrazione nell'industria europea degli elettrodomestici bianchi$fSergio Paba. 210 $aBologna$cIl Mulino$d1991. 215 $a274 p.$d21 cm 225 1 $aRicerca 676 $aH/2.2243 702 1$aPaba,$bSergio$f<1954- > 801 0$aIT$bUNINA$gRICA$2UNIMARC 901 $aBK 912 $a990003180840403321 952 $aH/2.2243 PAB/N.A.$b10626$fSES 959 $aSES 996 $aReputazione ed efficienza$9452589 997 $aUNINA DB $aING01 LEADER 01213nam--2200397---450- 001 990001885660203316 005 20040729084802.0 010 $a3-540-20128-9 035 $a000188566 035 $aUSA01000188566 035 $a(ALEPH)000188566USA01 035 $a000188566 100 $a20040729d2003----km-y0itay0103----ba 101 0 $aeng 102 $aDE 105 $aa|||||||001yy 200 1 $aStellar candles for the extragalactic distance scale$fD. Alloin, W. Gieren (Eds.) 210 $aBerlin [etc.]$cSpringer$dcopyr. 2003 215 $aXIV, 309 p.$cill.$d24 cm. 225 2 $aLecture notes in physics$v635 410 0$12001$aLecture notes in physics$v635 454 1$12001 461 1$1001-------$12001 610 0 $aDistanze extragalattiche$aMisurazioni 676 $a523.112 702 1$aALLOIN,$bDanielle 702 1$aGIEREN,$bWolfgang 801 0$aIT$bsalbc$gISBD 912 $a990001885660203316 951 $a530 LNP 635$b0030504/CBS$c530$d00114312 959 $aBK 969 $aSCI 979 $aRIVELLI$b90$c20040729$lUSA01$h0845 979 $aRIVELLI$b90$c20040729$lUSA01$h0848 996 $aStellar candles for the extragalactic distance scale$9474489 997 $aUNISA